| 000 | 01167nam a2200289Ia 4500 | ||
|---|---|---|---|
| 003 | OSt | ||
| 005 | 20210107091246.0 | ||
| 008 | 191128t2014 eu a gr 000 0 spa d | ||
| 020 | _a9780545685153 | ||
| 040 |
_aCO-JMCR _cCO-JMCR |
||
| 041 | 0 | _aeng | |
| 082 | 0 | 4 |
_a793.92 / _bN375m2 _223 |
| 100 | 1 |
_aNeedler, Matthew, _eautor _910368 |
|
| 245 | 1 | 0 |
_aMinecraft : _bredstone handbook / _cMatthew Needler ; Phil Southam ; ilustraciones de James Barker ; Theo Cordner ; Mojang AB |
| 260 |
_aNew York, NY : _bScholasti, _c©2014 |
||
| 300 |
_a79 páginas : _bilustraciones a color ; _c19 cm. |
||
| 490 | 0 | _aMinecraft | |
| 505 | 0 | _aWelcome to redstone -- Redstone ore -- Redstone dust -- Redstone torch -- Redstone repeater -- Piston -- Sticky piston -- Power sources -- Lighting systems -- piston doors -- | |
| 546 | _aTexto en ingles | ||
| 650 | 1 | 4 |
_aMinecraft (Juego) _xmanuales _910369 |
| 650 | 1 | 4 |
_aLiteratura juvenil _xvideojuegos _vmanuales _910387 |
| 700 | 1 |
_aSoutham, Phil, _eautor _910371 |
|
| 700 | 1 |
_aBarker, James, _eilustrador _910372 |
|
| 700 | 1 |
_aCordner, Theo, _eilustrador _910373 |
|
| 700 | 1 |
_aAB, Moiang, _eilustrador _910374 |
|
| 942 |
_2ddc _cBK |
||
| 999 |
_c4669 _d4669 |
||